La rivoluzione sessuale /

Gespeichert in:
Bibliographische Detailangaben
1. Verfasser: Reich, Wilhelm (Verfasst von)
Format: Buch
Sprache:Italienisch
Veröffentlicht: Milano : Feltrinelli, 1984
Ausgabe:15. ed
Schriftenreihe:Universale economica ; 440
Schlagworte:
Tags: Tag hinzufügen
Keine Tags, Fügen Sie das erste Tag hinzu!

MARC

LEADER 00000nam a22000007i 4500
001 IT\ICCU\TO0\0000955
003 ItRI
005 20260115231857.0
008 971110s1984 it |||||| ||||| |||||c
020 |a 8807804409 
040 |b ita  |c importazione bologna sebina 
041 7 |a ita  |2 ISO-639-2 
100 1 |a Reich, Wilhelm  |0 IT\ICCU\CFIV\020162  |4 aut 
240 1 4 |a Die Sexualität im Kulturkampf. -  |3 IT\ICCU\CFI\0241483  |9 Reich, Wilhelm 
245 1 3 |a La rivoluzione sessuale /  |c Wilhelm Reich. 
250 |a 15. ed 
260 |a Milano :  |b Feltrinelli,  |c 1984 
300 |a 215 p. ;  |c 18 cm 
650 7 |a Sesso 
650 7 |a Sesso e società 
790 1 |a Parell, Ernst  |3 IT\ICCU\IEIV\111568  |z Reich, Wilhelm 
790 1 |a Reich, Wilhelm,  |d  (1897-1957)  |3 IT\ICCU\MILV\357971  |z Reich, Wilhelm 
830 0 |a Universale economica ;  |v 440  |0 IT\ICCU\CFI\0001103 
942 |2 ddc  |c BK  |n 0 
952 |0 0  |1 0  |4 0  |6 DOC_301_410000000000000_REI  |7 0  |9 15035  |a BO  |b BO  |d 2026-01-15  |i 777  |l 0  |o DOC 301.41 REI  |p BO777  |r 2026-01-15 23:18:57  |w 2026-01-15  |x [Sebina 5] [1 v.]  |y BK  |z 1 v. 
999 |c 12937  |d 12937